00722cam a2200205 a 450000100100000000500170001000800410002704000250006808200100009310000320010324500500013526000580018530000210024344000430026450400420030760000170034960000200036695201150038699900150050100000208120200929145826.0790507s1976 ve b f000 0 spa  aDO-SdBNPbspacBNPHU bC247l1 aCappelletti, Angel J.9669310aLao-tse y Chuang-tse /cAngel J. Cappelletti. aCaracas :bGobernación del Distrito Federal,c1976. a112 p. ;c15 cm. 0aCuadernos de difusión ;vno. 896694 aIncluye referencias bibilográficas.00aLaozi.9669500aZhuangzi.96696 001052708MOaGRbGRcCTd2009-09-22iLF1l0o C247lp2081-10r2020-06-25w2020-06-25y2ZPréstamo interno c1941d1941